00466 a2200121 4500001001000000005001700010008004100027245010700068100003100175700003200206773008900238999001700327ART_1581720260410161918.0260409a 10aProceso de gestión de responsabilidad social empresaria contenido del borrador de la norma ISO 260001 aGarcía Fronti, Inés M.1 aD´Onofrio, Paula Alejandra0 tDocumentos de trabajo de contabilidad socialg- Año 3, Nº 2 (dic. 2010)wREV14388 c27487d27487